[Event "Brasilia Terra Viva op"]
[Site "Brasilia"]
[Date "2014.09.19"]
[Round "1"]
[White "Cerqueira, Antonio Joaquim Fre"]
[Black "Pimenta, Jeronimo Marques"]
[Result "0-1"]
[WhiteElo "1800"]
[BlackElo "2114"]
[PlyCount "50"]
[EventDate "2014.09.19"]
[EventType "swiss"]
[EventRounds "6"]
[EventCountry "BRA"]
[SourceTitle "CBM 162 Extra"]
[Source "ChessBase"]
[SourceDate "2014.10.17"]
[SourceVersion "1"]
[SourceVersionDate "2014.10.17"]
[SourceQuality "1"]

1. d4 d5 2. c4 e6 3. a3 Nf6 4. Nc3 b6 5. g3 Bb7 6. Bg2 Nbd7 7. Nf3 dxc4 8. 0-0 c5 9. e3 Be7 10. Nh4 Bxg2 11. Nxg2 a6 12. Nf4 0-0 13. Re1 b5 14. b3 cxb3 15. Qxb3 c4 16. Qb2 Nb6 17. e4 Qc7 18. e5 Nfd5 19. Bd2 Qc6 20. Nfxd5 Nxd5 21. Na2 Nb6 22. Bb4 Bxb4 23. Nxb4 Qd7 24. Rad1 a5 25. Na2 Nd5 0-1